ARRUPE JESUIT UNIVERSITY

CORONAVIRUS -STOP THE SPREAD - CLEAN,DISINFECT,COVER

AIDS, ancestors and salvation (Record no. 67085)

MARC details
000 -LEADER
fixed length control field 00511nam a2200193Ia 4500
003 - CONTROL NUMBER IDENTIFIER
control field 0100
008 - FIXED-LENGTH DATA ELEMENTS--GENERAL INFORMATION
fixed length control field 130303s9999 xx 000 0 und d
040 ## - CATALOGING SOURCE
Transcribing agency ARRUPELIB
050 ## - LIBRARY OF CONGRESS CALL NUMBER
Classification number BV4460.7.K74 2008
300 ## - PHYSICAL DESCRIPTION
Other physical details 24cm.
100 ## - MAIN ENTRY--PERSONAL NAME
Personal name Knox, Peter
245 ## - TITLE STATEMENT
Title AIDS, ancestors and salvation
245 ## - TITLE STATEMENT
Remainder of title local beliefs in christian ministry to the sick
260 ## - PUBLICATION, DISTRIBUTION, ETC. (IMPRINT)
Name of publisher, distributor, etc Paulines Publications Africa
260 ## - PUBLICATION, DISTRIBUTION, ETC. (IMPRINT)
-- 2008
300 ## - PHYSICAL DESCRIPTION
Extent 264p.
650 ## - SUBJECT ADDED ENTRY--TOPICAL TERM
Topical term following geographic name as entry element Christianity-Middle Ages, 600-1500
942 ## - ADDED ENTRY ELEMENTS (KOHA)
Source of classification or shelving scheme Library of Congress Classification
Koha issues (borrowed), all copies 3
Holdings
Withdrawn status Lost status Source of classification or shelving scheme Damaged status Not for loan Collection code Home library Current library Shelving location Date acquired Total Checkouts Full call number Barcode Date last seen Copy number Price effective from Koha item type Date checked out
    Library of Congress Classification     Main Collection ARRUPE LIBRARY ARRUPE LIBRARY Main Collection 05/03/2013   BV4460.7.K74 2008 46004003823 24/01/2017 1 05/03/2013 Monograph ( Printed materials)  
    Library of Congress Classification     Main Collection ARRUPE LIBRARY ARRUPE LIBRARY Main Collection 05/03/2013 1 BV4460.7.K74 2008 46004003824 15/04/2019 2 05/03/2013 Monograph ( Printed materials) 22/03/2019
    Library of Congress Classification     Main Collection ARRUPE LIBRARY ARRUPE LIBRARY Main Collection 05/03/2013 3 BV4460.7.K74 2008 46408497 24/01/2017 3 05/03/2013 Monograph ( Printed materials) 27/10/2014
    Library of Congress Classification     Main Collection ARRUPE LIBRARY ARRUPE LIBRARY Main Collection 08/10/2020   BV4460.7.K74 2008 46600008368 08/10/2020   08/10/2020 Monograph ( Printed materials)  

 

Arrupe Library. PO Box MP320 Mt Pleasant, Harare, Zimbabwe
263 242 745411|librarian@aju.ac.zw